CONTACT LENS PRACTICE/ (Record no. 1151236)

MARC details
000 -LEADER
fixed length control field 00359nam a2200157Ia 4500
008 - FIXED-LENGTH DATA ELEMENTS--GENERAL INFORMATION
fixed length control field 240322s2024 xx 000 0 und d
020 ## - INTERNATIONAL STANDARD BOOK NUMBER
International Standard Book Number 9780702084270
041 ## - LANGUAGE CODE
Language code of text/sound track or separate title eng
082 ## - DEWEY DECIMAL CLASSIFICATION NUMBER
Classification number EFR,EFR
100 ## - MAIN ENTRY--PERSONAL NAME
Personal name EFRON N.
245 ## - TITLE STATEMENT
Title CONTACT LENS PRACTICE/
250 ## - EDITION STATEMENT
Edition statement 4
260 ## - PUBLICATION, DISTRIBUTION, ETC.
Name of publisher, distributor, etc. ELSEVIER CHIRCHILL2024
Date of publication, distribution, etc. 2024
562 ## - COPY AND VERSION IDENTIFICATION NOTE
Number of copies 1
650 ## - SUBJECT ADDED ENTRY--TOPICAL TERM
Topical term or geographic name entry element OPTOMETRY
Holdings
Withdrawn status Lost status Damaged status Not for loan Collection Home library Current library Date acquired Source of acquisition Cost, normal purchase price Total Checkouts Full call number Barcode Date last seen Date last checked out Price effective from Koha item type
          Medical College & Hospital, Sangli Medical College & Hospital, Sangli 22/03/2024 B.M.S.G.B.PUNE 16279.00 1 EFR,EFR MCS-16781 19/04/2025 12/04/2025 22/03/2024 Book
          Medical College, Pune Medical College, Pune 21/08/2024       617.7 MCP-21646 21/08/2024   21/08/2024 Book
          Medical College, Pune Medical College, Pune 21/08/2024       617.7 MCP-21647 21/08/2024   21/08/2024 Book